| 000 | 01010cam a2200325 4500 | ||
|---|---|---|---|
| 001 | E2184 | ||
| 008 | 090401t1994 xxu||||| |||| 00| 0 eng d | ||
| 035 | _a(Sirsi) u37957 | ||
| 041 | _aeng | ||
| 050 | _a333.3309416 | ||
| 090 | _aRICS 1994/77ABCD | ||
| 110 |
_aRoyal Institution of Chartered Surveyors _bNorthern Ireland Branch _91732 |
||
| 245 | 4 | _aThe effects of lasting peace on property and construction in Northern Ireland | |
| 260 |
_aBelfast _bRICS _c1994 |
||
| 300 | _a37p. ; 30cm. | ||
| 350 | _a12 | ||
| 650 | _aBELFAST | ||
| 650 | _aPROPERTY-COMMERCIAL PROPERTY | ||
| 650 | _aCONSTRUCTION INDUSTRY | ||
| 650 | _aINDUSTRIAL PROPERTY | ||
| 650 | _aNORTHERN IRELAND | ||
| 650 | _aPROPERTY MARKET | ||
| 650 |
_aRESIDENTIAL PROPERTY _96266 |
||
| 650 | _aTOURISM | ||
| 650 | _aUNIVERSITY OF ULSTER | ||
| 690 | _aBUILT ENVIRONMENT | ||
| 710 |
_aReal Estate Studies Unit, School of the Built Environment, University of Ulster, Jordanstown _91729 |
||
| 942 | _n0 | ||
| 948 | _c04/03/1997 | ||
| 999 |
_c90582 _d90582 |
||